| 000 | 00342 a2200133 4500 | ||
|---|---|---|---|
| 001 | 125502 | ||
| 020 | _a9788560035038 | ||
| 040 | _cEscola Canadense de Niteroi | ||
| 100 | _aInstituto de Pesquisas Jardim Botânico RJ | ||
| 245 | 1 | 0 | _aJardim Botânico Do Rio De Janeiro, 1808-2008 |
| 260 | _aRio De Janeiro | ||
| 362 | 0 | _a2008 | |
| 942 | _cBK | ||
| 999 |
_c125502 _d125502 |
||